00503nam a2200193 a 4500001001300000003000900013005001700022008004100039020001000080082001700090100002200107245003100129260005900160300000900219500003500228505001000263650001400273700002200287nice12345678IN_TiNIC20260116013440.0050524s1985 jaia grp 000 0 eng  ac10000a709.054bCOO aCoomaraswamy, A K aFundamentals of Indian Art aJaipurbHistorical Research Documentation Prograc1985 a103p aincludes index and biblioraphy2 aNotes aArt-Hindu1 aCoomaraswamy, A K